000 00524nam a2200169 4500
001 113469
003 ES-MaACL
005 20230906185914.0
007 t|
008 061121s1967 sp r ||||1| spa d
100 1 _aNobb, Maurice.
_985798
245 1 0 _aArgumentos sobre el socialismo /
_cMaurice Nobb ; traducción de Antonio Gallifa.
260 _aMadrid :
_bCiencia Nueva,
_c1967.
300 _a134 p., 1 lám. :
_b`retr. aut` ;
_c22 cm.
700 1 _aGallifa, Antonio.
_953623
852 _aES-MaACL
_jC-31844
_bR.62518
999 _c113469
_d113469